000 01548cam a2200409 i 4500
001 19032300
003 OSt
005 20230306110851.0
008 160328m20142015th 001 0 eng
010 _a 2016324565
020 _a9788880007432 (volume 1)
020 _a9788880007449 (volume 2)
020 _a9788880009634 (volume 3)
040 _aDLC
_beng
_erda
_cDLC
_dDLC
042 _alcode
_apcc
050 0 0 _aZ6605.B87
_bN88 2014
082 _a025.3412
100 0 _aPeter Nyunt
_eauthor.
_921270
245 1 2 _aA descriptive catalogue of Burmese manuscripts in the Fragile Palm Leaves collection /
_cPeter Nyunt ; edited by Claudio Cicuzza.
260 _aLumbini :
_bFragile Palm Leaves Foundation,
_c2015
300 _a3 volumes ;
_c22 cm
336 _atext
_btxt
_2rdacontent
337 _aunmediated
_bn
_2rdamedia
338 _avolume
_bnc
_2rdacarrier
490 0 _aMaterials for the study of the Tripiṭaka ;
_vvolumes 9-11
490 0 _aKhō̜mūn Phratraipidok sưksā ;
_vlēm 9-11
500 _aIncludes indexes.
546 _aIn English.
610 2 0 _aFragile Palm Leaves Foundation
_vCatalogs.
_921271
650 0 _aManuscripts, Burmese
_zThailand
_zBangkok
_vCatalogs.
_921272
700 1 _aCicuzza, Claudio,
_eeditor.
_921273
710 2 _aFragile Palm Leaves Foundation,
_eissuing body.
_921274
710 2 _aLumbini International Research Institute,
_eissuing body.
_921275
906 _a7
_bcbc
_corigres
_d3
_encip
_f20
_gy-gencatlg
942 _2ddc
_cBK
999 _c22800
_d22800